000 00717nam a2200241 i 4500
001 C2-0275224
003 PPAK
005 20180728004051.0
008 061016s1997 nyua|||| ||||| | eng d
020 _a0590226517
040 _aPPAK
_beng
_cPPAK
_erda
082 0 4 _a808.883
_223
090 0 0 _a808.883
_bGRE
_dLCK
100 1 _aGregory, Kristina,
_eauthor
245 1 0 _aAcross the wide and lonesome Prairie :
_bthe Oregon trail diary of Hattie Campbell
264 1 _aNew York :
_bScholastic, Inc. ,
_c1997
300 _a164 pages :
_billustrations ;
_c19 cm
336 _2rdacontent
_atext
337 _2rdamedia
_aunmediated
338 _2rdacarrier
_avolume
650 1 0 _aDiaries - Fiction.
942 _ddc
_cB
999 _c82911
_d82911